000 00725nam a2200229Ia 4500
001 14710
003 GE_BSU
008 181216s||||||||xx |||||||||||||| ||und||
040 _cGE_BSU
080 _a621.395.743
100 _aСериков,А.Г. Полонский,П.А.
245 _aЛинейные сооружения городских сетей.
245 _bУчеб. для проф.
245 _cРед. М.И.Сорокина.
250 _aИзд. 2-е, перераб. и доп.
260 _aМ.
260 _bВысш. школа.
260 _c1971.
300 _a296 стр. с илл. 20 см.
653 _aЛинейные сооружения городских сетей.
942 _cBK
999 _c47836
_d47836